Statistiche per Quiz sulle Seychelles

Clicka qui per fare il quiz!

Statistiche generali

  • Questo quiz è stato fatto 219 volte
  • Il punteggio medio è 12 su 17

Statistiche sulle risposte

HintRisposta% Corretto
Oceano nelle quali le Seychelles sono situateOceano {Indiano}
99%
Inglese
98%
Francese
96%
Stato insulare più vicino alle SeychellesMadagascar
94%
Pro-capita le Seychelles sono lo stato più ____ dell'AfricaRicco
92%
Ed è anche il più _____con i sui 459 Km quadratiPiccolo
90%
CapitaleVictoria
89%
Popolazione delle Seychelles nel 17000
79%
Esploratore che avvistò le Seychelles (senza approdarvi) nel 1503Vasco da Gama
72%
Lingue ufficialiCreolo delle Seychelles
55%
Prodotto alimentare che costituisce l'82% delle esportazioniPesce
55%
Valuta del PaeseRupia
55%
Le Seychelles ospitano la più grande popolazione mondiale di questi rettili, che possono superare i 250 kg di peso{Testuggini} giganti
53%
Il coco de mer, endemico delle Seychelles, è la pianta che produce il _____ più pesante del mondo, fino a 30 kg di pesoSeme
51%
43 mercenari di questo paese hanno organizzato un tentativo di colpo di stato nel 1981Sudafrica
49%
La più grande isola delle SeychellesMahe
44%
"Dittatore benevolo" che ha guidato le Seychelles dal 1977 al 2004France-Albert René
37%

Distribuzione punteggi

Percentile per numero di risposta

Percentuale di utenti per punteggio

I tuoi punteggi nel tempo

Non hai fatto questo quiz